|
|
|
|
| LEADER |
01065nam a2200289 u 4500 |
| 001 |
10043663 |
| 003 |
upatras |
| 005 |
20210117200052.0 |
| 008 |
020403s1991 uk eng |
| 020 |
|
|
|a 0750613440
|
| 040 |
|
|
|a GR-PaULI
|c GR-PaULI
|
| 041 |
0 |
|
|a eng
|
| 082 |
0 |
4 |
|a WS 366
|
| 100 |
1 |
|
|a Barltrop, D.
|9 33807
|
| 245 |
1 |
0 |
|a Paediatric therapeutics
|b principles and practice
|c D. Barltrop, M. J. Brueton
|
| 260 |
|
|
|a Oxford
|b Butterworth Heinemann
|c 1991
|
| 300 |
|
|
|a ix, 457 p.
|b tab.
|c 24 cm.
|
| 504 |
|
|
|a Includes references and index
|
| 650 |
|
4 |
|a Παιδιατρική
|9 1696
|
| 650 |
|
4 |
|a Θεραπευτική
|9 9017
|
| 650 |
|
4 |
|a Φαρμακολογία
|x Ιατρική
|9 31678
|
| 700 |
1 |
|
|a Brueton, M. J.
|9 33808
|
| 852 |
|
|
|a GR-PaULI
|b ΠΑΤΡΑ
|b ΙΑΤΡΙΚΗ
|k ΑΣΧΞ-10
|h WS 366 BAR
|m 1163
|p 025000027836
|t 1
|
| 942 |
|
|
|2 ddc
|c BK15
|
| 952 |
|
|
|0 0
|1 0
|4 0
|6 WS_366_000000000000000_BAR
|7 0
|9 32219
|a MEDI
|b MEDI
|d 2016-04-24
|i 1163
|l 0
|o WS 366 BAR
|p 025000027836
|r 2016-04-24 00:00:00
|t 1
|w 2016-04-24
|y BK15
|
| 998 |
|
|
|c MANIAKH
|d 2002-04
|
| 999 |
|
|
|c 20602
|d 20602
|